Song Titles Translated Into German - Statistics

General Stats
  • This quiz has been taken 237 times
  • The average score is 7 of 15
Answer Stats
German English % Correct
Spring Jump
74%
Gehen wie ein Ägypter Walk Like An Egyptian
73%
Mann im Spiegel Man In The Mirror
68%
Unter Druck Under Pressure
66%
Ich will wissen was Liebe ist I Want To Know What Love Is
65%
Geisterjäger Ghostbusters
60%
Ich stehe immer noch I'm Still Standing
52%
Es muss Liebe gewesen sein It Must Have Been Love
47%
Wir brauchen keinen anderen Helden We Don't Need Another Hero
44%
Ich bin so aufgeregt I'm So Excited
43%
Totale Herzfinsternis Total Eclipse of the Heart
38%
Betten brennen Beds Are Burning
31%
Sie macht mich wahnsinnig She Drives Me Crazy
31%
Wenn sie wüsste was sie will If She Knew What She Wants
21%
Porzellan in deiner Hand China In Your Hand
18%
No matching quizzes found
Score Distribution
Percent of People with Each Score
Percentile by Number Answered
Your Score History
You have not taken this quiz